|
|
|
|
| LEADER |
00000cab a2200000 a 4500 |
| 001 |
vtls001504426 |
| 003 |
SK-MaSNL |
| 005 |
20260304234029.0 |
| 008 |
140912c19971998xo sr 0 0b0slos |
| 035 |
|
|
|a SPKCL6753
|
| 040 |
|
|
|a SPKCL
|b slo
|c SNKBUCL
|d ÚIP-SPK(ZZ)
|e AACR2
|
| 041 |
0 |
|
|a slo
|
| 044 |
|
|
|a xo
|c SK
|
| 080 |
|
|
|a 37.035:373.24
|2 1981
|
| 100 |
1 |
|
|a Guziová, Katarína
|4 aut
|9 207281
|
| 245 |
1 |
0 |
|a Prosociálny výchovný štýl
|c Katarína Guziová
|
| 520 |
|
|
|a Rozvíjanie prosociálneho správania detí vo výchovných činnostiach v materskej škole. Príklady na precvičenie prosociálneho správania v konkrétnych situáciách. Utváranie spolupatričnosti detí v skupine. Pedagogicko-psychologická príprava výchovno-vzdelávacej činnosti. Schopnosť detí spolupracovať a pomáhať iným deťom. Prebúdzanie schopnosti rešpektovať druhé deti.
|
| 650 |
0 |
7 |
|a materské školy
|2 SNKPH
|9 1278
|
| 650 |
0 |
7 |
|a prosociálne správanie
|2 SNKPH
|9 49610
|
| 655 |
|
7 |
|a články
|2 SNKPH
|9 70601
|
| 773 |
1 |
|
|t Predškolská výchova
|g Roč. 52, č. 4 (1997/1998) s. 3-4
|
| 850 |
|
|
|a Slovenská pedagogická knižnica Bratislava
|
| 852 |
|
|
|a SPKCL
|b KIS3GCP
|b 000710000
|n SK
|
| 999 |
|
|
|c 3201640
|d 3203570
|